Teoría estructural de la comunicación y sociedad /
Propuesta teórica de la comunicación que intenta agrupar en un solo marco conceptual lo que la gente enuncia bajo este nombre. Señalan también que esta propuesta tiene que ver con la interacción comuncativa de las personas y con los sistemas tecnológicos que la soportan.
Salvato in:
| Autore principale: | |
|---|---|
| Altri autori: | |
| Natura: | Libro |
| Lingua: | spagnolo |
| Pubblicazione: |
México :
Trillas,
1983, c1983
|
| Soggetti: | |
| Tags: |
Nessun Tag, puoi essere il primo ad aggiungerne!!
|
MARC
| LEADER | 00000nam^a2200000^a^4500 | ||
|---|---|---|---|
| 001 | 000000089 | ||
| 005 | 20250521000000.0 | ||
| 009 | 20260310083011.755 | ||
| 020 | |a 968-24-1282-X | ||
| 037 | |a Acervo ITESO - Biblioteca | ||
| 041 | |a ESP | ||
| 082 | |a 302. 201 |b MOL | ||
| 100 | |a Moles, Abraham |e (autor) | ||
| 245 | 1 | 0 | |a Teoría estructural de la comunicación y sociedad / |c A. Moles, E. Rohmer ; tr. por Dolores Carbonell Iturbune. |
| 264 | 4 | |a México : |b Trillas, |c 1983, c1983 | |
| 300 | |a 207 p. | ||
| 336 | |a texto |b txt |2 rdacontenido | ||
| 337 | |a sin mediación |b n |2 rdamedio | ||
| 338 | |a volumen |b nc |2 rdasoporte | ||
| 520 | |a Propuesta teórica de la comunicación que intenta agrupar en un solo marco conceptual lo que la gente enuncia bajo este nombre. Señalan también que esta propuesta tiene que ver con la interacción comuncativa de las personas y con los sistemas tecnológicos que la soportan. | ||
| 649 | |a XX | ||
| 650 | |a Medios de Comunicación | ||
| 650 | |a Comunicación Masiva | ||
| 650 | |a Comunicación - |x Teoría - |x Tema Principal | ||
| 650 | |a Información - |x Teoría | ||
| 650 | |a Sociología de la Comunicación | ||
| 700 | |a Rohmer, Elisabeth |e (autor) | ||
| 910 | |a Fondo General | ||
| 920 | |a Impresos - Libros | ||
| 930 | |a Colección General | ||
| 905 | |a 101 | ||
| 901 | |a 0500152267 |b IT1 |c ACC |u 20250521 | ||
| 902 | |a https://opac.biblio.iteso.mx/vufind/Record/000000089 | ||